Поверхностно-активные вещества и полимеры в водных растворах: пер. с англ.

Detalles Bibliográficos
Otros Autores: Холмберг К. Кристер (редактор), Йёнссон Б. Бу, Кронберг Б. Бенгт, Линдман Б. Бьёрн, Сумм Б. Д.
Sumario:Учебное издание, написанное коллективом авторов из Швеции, посвящено чрезвычайно важной в научном и практическом отношении теме — сосуществованию поверхностно-активных веществ (ПАВ) и полимеров в водных растворах. Подробно рассмотрены различные типы ПАВ (в том числе полимерные), процесс мицеллообразования, фазовое поведение растворов ПАВ. Обсуждаются свойства растворов полимеров и смесей ПАВ—полимер. Отдельные главы посвящены таким сложным системам, как пены, эмульсии и микроэмульсии, их получению и практическому применению. Книга хорошо иллюстрирована, содержит обширные справочные данные и библиографию. Для студентов, аспирантов и преподавателей химических и химико-технологических вузов, а также для научных сотрудников и химиков-технологов, работающих на производстве.
Lenguaje:ruso
Publicado: Москва, БИНОМ. Лаборатория знаний, 2007
Colección:Химия
Materias:
Formato: Libro
KOHA link:https://koha.lib.tpu.ru/cgi-bin/koha/opac-detail.pl?biblionumber=87195

MARC

LEADER 00000nam0a2200000 4500
001 87195
005 20231031102057.0
010 |a 9785947743630 
035 |a (RuTPU)RU\TPU\book\93618 
090 |a 87195 
100 |a 20051206d2007 m y0rusy50 ca 
101 1 |a rus  |c eng 
102 |a RU 
105 |a a j 001zy 
200 1 |a Поверхностно-активные вещества и полимеры в водных растворах  |e пер. с англ.  |f К. Холмберг [и др.]  |g под ред. Б. Д. Сумма 
210 |a Москва  |c БИНОМ. Лаборатория знаний  |d 2007 
215 |a 528 с.  |c ил. 
225 1 |a Химия 
320 |a Библиография в конце глав. 
320 |a Предметный указатель: с. 512-523. 
330 |a Учебное издание, написанное коллективом авторов из Швеции, посвящено чрезвычайно важной в научном и практическом отношении теме — сосуществованию поверхностно-активных веществ (ПАВ) и полимеров в водных растворах. Подробно рассмотрены различные типы ПАВ (в том числе полимерные), процесс мицеллообразования, фазовое поведение растворов ПАВ. Обсуждаются свойства растворов полимеров и смесей ПАВ—полимер. Отдельные главы посвящены таким сложным системам, как пены, эмульсии и микроэмульсии, их получению и практическому применению. Книга хорошо иллюстрирована, содержит обширные справочные данные и библиографию. Для студентов, аспирантов и преподавателей химических и химико-технологических вузов, а также для научных сотрудников и химиков-технологов, работающих на производстве. 
610 1 |a химия 
610 1 |a химическая технология 
610 1 |a ПАВ 
610 1 |a поверхностно-активные вещества 
610 1 |a мицеллообразование 
610 1 |a растворы 
610 1 |a полимеры 
610 1 |a физико-химические свойства 
610 1 |a смешанные мицеллы 
610 1 |a микроэмульсии 
610 1 |a коллоидные системы 
610 1 |a поверхностно-активные полимеры 
610 1 |a адсорбция 
610 1 |a смеси 
610 1 |a смачивание 
610 1 |a пенообразование 
610 1 |a эмульсии 
610 1 |a эмульгаторы 
610 1 |a микроэмульсии 
610 1 |a химические реакции 
610 1 |a микрогетерогенные реакции 
675 |a 544.355  |v 3 
675 |a 544.722  |v 3 
675 |a 661.185  |v 3 
701 1 |a Холмберг  |b К.  |g Кристер 
701 1 |a Йёнссон  |b Б.  |g Бу 
701 1 |a Кронберг  |b Б.  |g Бенгт 
701 1 |a Линдман  |b Б.  |g Бьёрн 
702 1 |a Сумм  |b Б. Д.  |4 340 
801 1 |a RU  |b 63413507  |c 20051206  |g PSBO 
801 2 |a RU  |b 63413507  |c 20130822  |g PSBO 
942 |c BK